|
|
|
|
| LEADER |
00000cam a2200000 c 4500 |
| 001 |
273987852 |
| 003 |
DE-627 |
| 005 |
20260206203933.0 |
| 007 |
tu |
| 008 |
861107s1986 sz ||||| m 00| ||ger c |
| 015 |
|
|
|a 86,A41,0997
|2 dnb
|
| 016 |
7 |
|
|a 860942333
|2 DE-101
|
| 020 |
|
|
|a 3857871431
|9 3-85787-143-1
|
| 035 |
|
|
|a (DE-627)273987852
|
| 035 |
|
|
|a (DE-603)004917057
|
| 035 |
|
|
|a (DE-576)012293067
|
| 035 |
|
|
|a (DE-599)GBV273987852
|
| 035 |
|
|
|a (OCoLC)230849751
|
| 035 |
|
|
|a (OCoLC)230849751
|
| 035 |
|
|
|a (OCoLC)310748622
|
| 035 |
|
|
|a (OCoLC)16356745
|
| 035 |
|
|
|a (DE-Rt5)0759164
|
| 040 |
|
|
|a DE-627
|b ger
|c DE-627
|e rakwb
|
| 041 |
|
|
|a ger
|
| 044 |
|
|
|c XA-CH
|
| 082 |
0 |
|
|a 809.93355
|2 DDC19oclc
|
| 084 |
|
|
|a 51
|2 sdnb
|
| 084 |
|
|
|a MS 3530
|2 rvk
|0 (DE-625)rvk/123683:
|
| 084 |
|
|
|a EC 5410
|2 rvk
|0 (DE-625)rvk/20606:
|
| 084 |
|
|
|a EC 5910
|2 rvk
|0 (DE-625)rvk/20615:
|
| 100 |
1 |
|
|a Bernhard, Norbert
|4 aut
|
| 245 |
1 |
0 |
|a Tarzan und die Herrenrasse
|b Rassismus in der Literatur
|c Norbert Bernhard
|
| 246 |
3 |
3 |
|a Ethnozentrismus und Rassismus in der Literatur
|
| 264 |
|
1 |
|a Basel
|b Lenos-Verlag
|c 1986
|
| 300 |
|
|
|a 191 S.
|b Ill.
|
| 336 |
|
|
|a Text
|b txt
|2 rdacontent
|
| 337 |
|
|
|a ohne Hilfsmittel zu benutzen
|b n
|2 rdamedia
|
| 338 |
|
|
|a Band
|b nc
|2 rdacarrier
|
| 500 |
|
|
|a Literaturverz. S. 185 - 190
|
| 502 |
|
|
|a Teilw. zugl.: Bern, Univ., Diss., 1983 u.d.T.: Bernhard Norbert: Ethnozentrismus und Rassismus in der Literatur
|
| 650 |
0 |
7 |
|0 (DE-588)4000089-8
|0 (DE-627)106402161
|0 (DE-576)208836896
|a Abenteuerroman
|2 gnd
|
| 650 |
0 |
7 |
|0 (DE-588)4041420-6
|0 (DE-627)104117311
|0 (DE-576)209044829
|a Naturvolk
|2 gnd
|
| 655 |
|
7 |
|a Hochschulschrift
|0 (DE-588)4113937-9
|0 (DE-627)105825778
|0 (DE-576)209480580
|2 gnd-content
|
| 689 |
0 |
0 |
|d s
|0 (DE-588)4132038-4
|0 (DE-627)104306017
|0 (DE-576)209632232
|a Weiße
|2 gnd
|
| 689 |
0 |
1 |
|d s
|0 (DE-588)4076527-1
|0 (DE-627)10445184X
|0 (DE-576)209202130
|a Rassismus
|2 gnd
|
| 689 |
0 |
2 |
|d s
|0 (DE-588)4000089-8
|0 (DE-627)106402161
|0 (DE-576)208836896
|a Abenteuerroman
|2 gnd
|
| 689 |
0 |
|
|5 (DE-627)
|
| 689 |
1 |
0 |
|d s
|0 (DE-588)4306688-4
|0 (DE-627)123210038
|0 (DE-576)211089753
|a Rassismus
|g Motiv
|2 gnd
|
| 689 |
1 |
1 |
|d s
|0 (DE-588)4035964-5
|0 (DE-627)106245015
|0 (DE-576)209015608
|a Literatur
|2 gnd
|
| 689 |
1 |
2 |
|a z
|2 gnd
|a Geschichte 1720-1950
|
| 689 |
1 |
|
|5 (DE-627)
|
| 689 |
2 |
0 |
|d s
|0 (DE-588)4306688-4
|0 (DE-627)123210038
|0 (DE-576)211089753
|a Rassismus
|g Motiv
|2 gnd
|
| 689 |
2 |
1 |
|d s
|0 (DE-588)4035964-5
|0 (DE-627)106245015
|0 (DE-576)209015608
|a Literatur
|2 gnd
|
| 689 |
2 |
2 |
|a z
|2 gnd
|a Geschichte 1860-1960
|
| 689 |
2 |
|
|5 (DE-627)
|
| 689 |
3 |
0 |
|d s
|0 (DE-588)4034855-6
|0 (DE-627)104213264
|0 (DE-576)209009438
|a Person of Color
|2 gnd
|
| 689 |
3 |
1 |
|d s
|0 (DE-588)4012472-1
|0 (DE-627)106348310
|0 (DE-576)20889862X
|a Diskriminierung
|2 gnd
|
| 689 |
3 |
2 |
|d s
|0 (DE-588)4035964-5
|0 (DE-627)106245015
|0 (DE-576)209015608
|a Literatur
|2 gnd
|
| 689 |
3 |
|
|5 (DE-627)
|
| 689 |
4 |
0 |
|d s
|0 (DE-588)4076527-1
|0 (DE-627)10445184X
|0 (DE-576)209202130
|a Rassismus
|2 gnd
|
| 689 |
4 |
1 |
|d s
|0 (DE-588)4035964-5
|0 (DE-627)106245015
|0 (DE-576)209015608
|a Literatur
|2 gnd
|
| 689 |
4 |
|
|5 (DE-627)
|
| 751 |
|
|
|a Bern
|0 (DE-588)4005762-8
|0 (DE-627)106379933
|0 (DE-576)208862781
|4 uvp
|
| 856 |
4 |
2 |
|u http://d-nb.info/860942333/04
|m B:DE-101
|q application/pdf
|3 Inhaltsverzeichnis
|7 1
|
| 856 |
4 |
2 |
|u http://scans.hebis.de/HEBCGI/show.pl?00491705_toc.pdf
|m V:DE-605;X:Imageware
|q application/pdf
|3 Inhaltsverzeichnis
|7 1
|
| 935 |
|
|
|i Blocktest
|
| 935 |
|
|
|h HEB
|i 0501
|
| 935 |
|
|
|h HEB
|i 0503
|
| 936 |
r |
v |
|a MS 3530
|b Rassismus
|k Soziologie
|k Spezielle Soziologien
|k Soziologie der Minoritäten und Randgruppen
|k Rassismus
|0 (DE-627)1271103672
|0 (DE-625)rvk/123683:
|0 (DE-576)201103672
|
| 936 |
r |
v |
|a EC 5410
|b Einzelne Stoffe und Motive
|k Allgemeine und vergleichende Sprach- und Literaturwissenschaft. Indogermanistik. Außereuropäische Sprachen und Literaturen
|k Allgemeine und vergleichende Literaturwissenschaft.
|k Literaturgeschichte
|k Stoff- und Motivgeschichte
|k Einzelne Stoffe und Motive
|0 (DE-627)1270710796
|0 (DE-625)rvk/20606:
|0 (DE-576)200710796
|
| 936 |
r |
v |
|a EC 5910
|b Einzelne Ideen
|k Allgemeine und vergleichende Sprach- und Literaturwissenschaft. Indogermanistik. Außereuropäische Sprachen und Literaturen
|k Allgemeine und vergleichende Literaturwissenschaft.
|k Literaturgeschichte
|k Geistes- und Ideengeschichte
|k Einzelne Ideen
|0 (DE-627)1270750186
|0 (DE-625)rvk/20615:
|0 (DE-576)200750186
|
| 936 |
s |
n |
|a e100
|2 mzub
|
| 936 |
s |
n |
|a m200
|2 mzub
|
| 951 |
|
|
|a BO
|
| ELC |
|
|
|b 1
|
| LOK |
|
|
|0 000 xxxxxcx a22 zn 4500
|
| LOK |
|
|
|0 001 3246960879
|
| LOK |
|
|
|0 003 DE-627
|
| LOK |
|
|
|0 004 273987852
|
| LOK |
|
|
|0 005 20131016153528
|
| LOK |
|
|
|0 008 131016||||||||||||||||ger|||||||
|
| LOK |
|
|
|0 040
|a DE-21-110
|c DE-627
|d DE-21-110
|
| LOK |
|
|
|0 689
|a s
|a Rassismus
|
| LOK |
|
|
|0 852
|z Kein Bestand am IfK; Nachweis für KrimDok
|
| LOK |
|
|
|0 852
|a DE-21-110
|
| LOK |
|
|
|0 852 1
|9 00
|
| LOK |
|
|
|0 935
|a k110
|
| LOK |
|
|
|0 939
|a 16-10-13
|b l01
|
| ORI |
|
|
|a SA-MARC-krimdoka001.raw
|
| TIM |
|
|
|a 100017200101_100019501231
|b Geschichte 1720-1950
|